| 000 | 00728cam a22002414a 4500 | ||
|---|---|---|---|
| 008 | |||
| 020 | _a0073510815 (pbk.) | ||
| 049 | _aMAIN | ||
| 090 |
_aTK3285 _bSTA |
||
| 100 | 1 | _aStauffer, H. Brooke. | |
| 245 | 1 | 0 |
_aResidential wiring for the trades / _cH. Brooke Stauffer. |
| 260 |
_aBoston : _bMcGraw-Hill Higher Education, _cc2007. |
||
| 300 |
_aix, 405 p. : _bcol. ill. ; _c28 cm. |
||
| 440 | 0 | _aTraining for the trades. | |
| 500 | _aIncludes index. | ||
| 650 | 0 | _aElectric wiring, Interior. | |
| 650 | 0 |
_aDwellings _xElectric equipment. |
|
| 907 |
_a.b10288739 _b26-04-13 _c16-12-10 |
||
| 003 | |||
| 005 | 20230123122007.0 | ||
| 040 | _cNUST | ||
| 942 |
_cBOOKS _kTK3285 _mSTA |
||
| 999 |
_c125952 _d125952 |
||